000 00448nam a22001697a 4500
003 SGT
020 _a9384266906
082 _a611
_bH22M
100 _aMARATHA, SUSHMA
245 _aHUMAN ANATOMY & PHYSIOLOGY PRACTICAL MANUAL
250 _a1ST
260 _aDELHI
_bBIRLA PUB.
_c2022
300 _a128
650 _a ANATOMY & PHYSIOLOGY
653 _a ANATOMY, PHYSIOLOGY, PRACTICAL, MANUA,LHUMAN ANATOMY PRACTICAL MANUAL
942 _2ddc
_cBK
999 _c23843
_d23843